01051nam a2200253 a 4500999001500000001000600015003000900021005001700030008004100047020001500088040002800103082001900131100001600150245015000166250001200316260007400328300004600402650003000448650004100478700001700519942001200536952011700548952013200665 c5194d519415120BD-DhUAP20201203113158.0201203r20062001ii a 001 0 eng d a8123907370 aDLCcCtWdBD-DhUAPbeng a615.19 GAU223 aGaud, R. S.10aPractical Physical Pharmacy. :bas per B. pharm syllebus of varrious universities and educational governing bodies /cR. S. Gaud and G. D. Gupta. a1st ed. aNew Delhi :bCBS publishers & distributors, cc2001 [Reprinted 2006]. axiv, 238 pages :billustrations ;c24 cm. 0aPharmaceutical chemistry. 0aChemistry, Physical and theoretical. aGupta, G. D. 2ddccBK 00102ddc4070aUAPCLbUAPCLcGeneral Stacksd2020-12-03o615.19 GAUp3010015120r2020-12-03t1w2020-12-03yBK 00102ddc4070aUAPCLbUAPCLcGeneral Stacksd2020-12-03l1o615.19 GAUp3010006085r2024-11-26s2024-11-13t2w2020-12-03yBK